| 000 | 00337cam a22001097a 4500 | ||
|---|---|---|---|
| 008 | 180718b1988 xxu||||| |||| 00| 0 eng d | ||
| 082 | _aA75 Ut8H | ||
| 245 |
_aUttar Pradesh district gazetteers: Hamirpur _cedited by Balwant Singh |
||
| 260 |
_aLucknow _bDepartment of District Gazetteers _c1988 |
||
| 300 | _a309+p. | ||
| 700 | _aSingh Balwant | ||
| 999 |
_c486979 _d486979 |
||